Principios de administración financiera (Registro nro. 17495)

Detalles MARC
000 -CABECERA
Longitud fija campo de control 00883nam a22002417a 4500
003 - IDENTIFICADOR DELl NÚMERO DE CONTROL
Identificador del número de control OSt
005 - FECHA Y HORA DE LA ÚLTIMA TRANSACCIÓN
Fecha y hora de la última transacción 20150123081930.0
008 - CÓDIGOS DE INFORMACIÓN DE LONGITUD FIJA
Códigos de información de longitud fija 150120b xxu||||| |||| 00| 0 eng d
020 ## - NÚMERO INTERNACIONAL NORMALIZADO PARA LIBROS
Número Internacional Normalizado para Libros (ISBN) 978-607-32-0983-0
040 ## - FUENTE DE LA CATALOGACIÓN
Centro transcriptor BMC
082 ## - NÚMERO DE LA CLASIFICACIÓN DECIMAL DEWEY
Númeroo de clasificación 658.15
100 1# - PUNTO DE ACCESO PRINCIPAL-NOMBRE DE PERSONA
Nombre de persona Gitman, Lawrence J.
9 (RLIN) 8870
245 10 - MENCIÓN DE TÍTULO
Título Principios de administración financiera
Mención de responsabilidad, etc. Lawrence J. Gitman, Chad J. Zutter ; traducción, Antonio Enriquez Brito ; revisión técnica, Alejandro Medellín Palencia...[et al.]
250 ## - MENCIÓN DE EDICIÓN
Mención de edición 12ª ed
260 ## - PUBLICACIÓN, DISTRIBUCIÓN, ETC. (PIE DE IMPRENTA)
Lugar de publicación, distribución, etc. Juárez (México) [etc.]
Nombre del editor, distribuidor, etc. Pearson Educación
Fecha de publicación, distribución, etc. 2012
300 ## - DESCRIPCIÓN FÍSICA
Extensión XLVIII, 580, [71] p.
Otras características físicas il.
Dimensiones 26 cm
595 ## - NOTA DE EDICIÓN E HISTORIA BIBLIOGRÁFICA
Nota de edición e historia bibliográfica Traducido de: Principles of managerial finance brief
650 24 - PUNTO DE ACCESO ADICIONAL DE MATERIA - TÉRMINO DE MATERIA
Término de materia o nombre geográfico como elemento inicial Empresas
Subdivisión de materia general Finanzas
9 (RLIN) 5713
700 1# - PUNTO DE ACCESO ADICIONAL - NOMBRE DE PERSONA
9 (RLIN) 30424
Nombre de persona Zutter, Chad J.‏
700 1# - PUNTO DE ACCESO ADICIONAL - NOMBRE DE PERSONA
9 (RLIN) 30425
Nombre de persona Enríquez Brito, Antonio
700 1# - PUNTO DE ACCESO ADICIONAL - NOMBRE DE PERSONA
9 (RLIN) 30423
Nombre de persona Medellín Palencia, Alejandro
942 ## - ENTRADA DE ELEMENTOS AGREGADOS (KOHA)
Fuente de clasificaión o esquema Dewey Decimal Classification
Koha [por defecto] tipo de item 1- Monografias
Existencias
Suprimido Perdido Fuente de clasificación o esquema Estropeado Restricciones de uso No para préstamo Código de colección Localización permanente Localización actual Localización en estanter&íacute;as Fecha adquisición Fuente de adquisición Número de inventario Préstamos totales Renovaciones totales Signatura completa Código de barras Fecha última consulta Fecha último préstamo Fecha del precio de reemplazo Tipo de item de Koha Coste, precio normal de compra Coste, precio reemplazado
NULL NULL Dewey Decimal Classification NULL Prestable NULL NULL Biblioteca Centro Regional de Ilobasco Biblioteca Centro Regional de Ilobasco Sala Principal 09/04/2015   LI000058 2   658.15 GIT pri 1030307 02/12/2021 22/07/2019 09/04/2015 1- Monografias 29.68  
NULL NULL Dewey Decimal Classification NULL Prestable NULL NULL Biblioteca Centro Regional de Ilobasco Biblioteca Centro Regional de Ilobasco Sala Principal 09/04/2015   LI000059     658.15 GIT pri 1030308 09/04/2015   09/04/2015 1- Monografias 29.68  
NULL NULL Dewey Decimal Classification NULL Prestable NULL NULL Biblioteca Centro Regional de Ilobasco Biblioteca Centro Regional de Ilobasco Sala Principal 09/04/2015   LI000060     658.15 GIT pri 1030309 03/02/2021   09/04/2015 1- Monografias 29.68  
NULL NULL Dewey Decimal Classification NULL Prestable NULL NULL Biblioteca Centro Regional de Ilobasco Biblioteca Centro Regional de Ilobasco Sala Principal 11/06/2015 UNICAE LI000460 2   658.15 GIT pri 1031791 08/08/2025 18/07/2025 11/06/2015 1- Monografias   29.68
NULL NULL Dewey Decimal Classification NULL Prestable NULL NULL Biblioteca Miguel de Cervantes - UNICAES Biblioteca Miguel de Cervantes - UNICAES Sala Principal 21/01/2015 Donación - Facultad de Ciencias Empresariales 026991 40 7 658.15 GIT pri 1027401 25/09/2019 23/09/2019 21/01/2015 1- Monografias    
NULL NULL Dewey Decimal Classification NULL Prestable NULL NULL Biblioteca Miguel de Cervantes - UNICAES Biblioteca Miguel de Cervantes - UNICAES Sala Principal 16/01/2015 Donación - Facultad de Ciencias Empresariales 026992 54 8 658.15 GIT pri 1027402 18/08/2025 13/08/2025 21/01/2015 1- Monografias    
NULL NULL Dewey Decimal Classification NULL Prestable NULL NULL Biblioteca Miguel de Cervantes - UNICAES Biblioteca Miguel de Cervantes - UNICAES Sala Principal 21/01/2015 Donación - Facultad de Ciencias Empresariales 026993 24   658.15 GIT pri 1027403 11/10/2017 09/10/2017 21/01/2015 1- Monografias